01068 2200373 4500001002100000005001500021035002000036007000300056008004100059020002200100040001700122082001400139084001600153090001800169100001600187245013700203250003900340260003300379300003800412650001800450700002100468700001900489700001900508700001800527850001200545041000800557490002100565990001800586990001800604990001800622990001800640990001800658990001800676INLIS00000000081707720181002080857 a0010-0918000515ta180924s2017 jbia b 6 1 ind d a978-602-420-358-0 aYOPDYOGbind04223a741.5 a741.5 CIK p aK 741.5 CIK p0 aCiko Satrio1 aPenghuni rumah kayu /ccerita, Ciko Satrio; gambar oleh, Naufal Mahaprana, Adhi Kurniawan, Muhadzab Hasan; penyunting, Ahmad Ariesta aCetakan I, Rajab 1438 H/April 2017 aBandung :bDar! Mizan,c2017 a118 halaman :bilustrasi ;c19 cm 4aKomik, Bacaan0 aNaufal Mahaprana0 aAdhi Kurniawan0 aMuhadzab Hasan0 aAhmad Ariesta aYOPDYOG0 aind aKomik fantasteen a35900-PD/B.18 a35901-PD/B.18 a35901-PD/B.18 a35900-PD/B.18 a35900-PD/B.18 a35901-PD/B.18